000
00339 a2200097 4500
020
_a
9789370981430
100
_a
K. Rajasekharan Nair
245
_a
Mahamathikalum mahavishnuvum mahapathangalum(മഹാമതികളും മഹാവിഷ്ണുവും മഹാപഥങ്ങളും)
260
_b
D C books
_c
2025
942
_c
OO
999
_c
115337
_d
115336